000 00668nam a22001817a 4500
999 _c57017
_d57017
003 Ge_BSU
005 20191011111114.0
008 191011s1970 ge ||||| |||| 00| 0 geo d
041 _ageo
080 _a37.01(479.22)(092)+39(=353) გ-58
100 _aგობრონიძე, ა.
_93948
245 _aგოგებაშვილი და აჭარა.
264 _aბათუმი :
_bსაბჭ. აჭარა,
_c1970.
300 _a93 გვ. ;
_b16 სმ.
600 _a გოგებაშვილი იაკობ
_94687
653 _a განათლების ისტორია აჭარაში
942 _2udc
_cBK